000
00299 a2200121 4500
000
nam a22 7a 4500
005
20250923140652.0
020
_a
9781538195581 (pbk)
100
_a
Propp, Louis
_9
822421
245
_a
Lessons in teletherapy
260
_b
Rowman & Littlefield
_c
2024
942
_c
TB
999
_c
1436137
_d
1436137